000 00659nam a22001935i 4500
001 170304
003 ES-MaACL
005 20230906214340.0
008 090223s1998 fr |||| | fre d
020 _a2-9503-107-4-5
080 _a398.831(44)
100 1 _aDubois, Guy.
_9139499
245 1 3 _aLe p'tit Quinquin d'Alexandre Desrousseaux
_b: pour bien comprendre l'canchon dormoire /
_cpar Guy Dubois.
260 _a[S.l. :
_bs.n.,
_c1998]
300 _a30 p. :
_bil. ;
_c21 cm.
650 _aCanciones de cuna.
_9171438
700 1 _aDesrousseaux, Alexandre.
_9139501
852 _aES-MaACL
_j2249-F-2
_9R.140894
_z.- Biblioteca Jacinto Martínez Lacalle
999 _c170304
_d170304